Najdrożsi piłkarze La liga - Statystyki

Ogólne statystyki
  • Ten quiz został rozwiązany 130 razy
  • Średni wynik to 21 z 52
Statystyki odpowiedzi
Hint Odpowiedź % Poprawnych
200mln Vini
97%
180mln Yamal
94%
180mln Bellingham
93%
160mln Mbappe
93%
100mln Pedri
84%
80mln Gavi
78%
100mln Rodrygo
77%
130mln Valverde
75%
80mln Camavinga
68%
50mln Balde
64%
45mln De jong
63%
80mln Raphinha
63%
70mln Cubarsi
62%
60mln Kounde
60%
55mln Araujo
59%
60mln Olmo
58%
40mln Militao
55%
70mln Williams
55%
80mln Alvarez
54%
80mln Tchouameni
54%
25mln Courtois
53%
45mln Guler
46%
28mln Torres
46%
40mln Endrick
44%
25mln Oblak
41%
25mln Sorloth
39%
30mln Casado
32%
25mln De paul
31%
50mln Lopez
30%
28mln Llorente
27%
35mln Diaz
26%
35mln Oyarzabal
25%
28mln Simon
25%
60mln Zubimendi
24%
50mln Sancet
21%
40mln Gallagher
20%
50mln Baena
19%
40mln Kubo
19%
40mln Le normand
19%
50mln Barrios
18%
25mln Lino
18%
25mln Molina
17%
40mln Mamardashvili
12%
30mln Pino
11%
25mln Remiro
11%
40mln Vivian
9%
35mln Mendez
8%
25mln Bade
7%
25mln Moleiro
5%
30mln Mosquera
4%
35mln Aguerd
3%
25mln Miguel
2%
Nie znaleziono quizów pasujących do podanych kryteriów
Rozkład punktacji
Procent ludzi z każdym wynikiem
Percentyl według liczby udzielonych odpowiedzi
Twoja historia wyników
Nie rozwiązałeś tego quizu